Countries on Google Street View - Statistics

General Stats
  • This quiz has been taken 172 times
    17 since last reset
  • The average score is 91 of 109
Answers on the Map
Answers color-coded by a green-red scale on the quiz's map according to % correct below.
 
Answer Stats
Hint Hint Country % Correct
391.0 91.0 Belgium
100%
266 294 Brazil
100%
143 66 Canada
100%
401.5 73.5 Denmark
100%
439.0 64.8 Estonia
100%
394.3 94.2 Luxembourg
100%
151.0 182.0 Mexico
100%
372 127.5 Spain
100%
414.3 60.5 Sweden
100%
153 129 United States
100%
254.9 370.2 Uruguay
100%
384.0 118.7 Andorra
89%
683.0 342.0 Australia
89%
583.0 181.8 Bangladesh
89%
584.1 169.4 Bhutan
89%
616.0 219.1 Cambodia
89%
218 384 Chile
89%
216.3 247.5 Colombia
89%
418.0 108.0 Croatia
89%
414.0 93.8 Czech Republic
89%
221 197 Dominican Republic
89%
447.0 171.3 Egypt
89%
437 52 Finland
89%
386 105 France
89%
404.0 89.9 Germany
89%
430 129 Greece
89%
177.4 210.0 Guatemala
89%
424.4 103.1 Hungary
89%
341 43 Iceland
89%
556 185.9 India
89%
635.5 264 Indonesia
89%
363.0 82.5 Ireland
89%
459.0 157.0 Israel
89%
416.4 124.2 Italy
89%
693.3 140.0 Japan
89%
548.0 122.0 Kyrgyzstan
89%
610.3 194.9 Laos
89%
438.0 70.6 Latvia
89%
444.0 360.5 Lesotho
89%
610.3 247.2 Malaysia
89%
614.2 104.1 Mongolia
89%
569.8 166.5 Nepal
89%
393 86.9 Netherlands
89%
776.7 391.9 New Zealand
89%
429.5 121.7 North Macedonia
89%
401.7 57 Norway
89%
535.7 164.2 Pakistan
89%
Paraguay
89%
208 292 Peru
89%
657 220.6 Philippines
89%
423.6 87.1 Poland
89%
361.7 127.6 Portugal
89%
436.7 107.1 Romania
89%
577 52 Russia
89%
427.6 113.0 Serbia
89%
423.0 98.0 Slovakia
89%
431 365 South Africa
89%
669 139 South Korea
89%
562 235.3 Sri Lanka
89%
398.4 103.5 Switzerland
89%
608.0 207.9 Thailand
89%
460.3 130.6 Turkey
89%
450.6 96.0 Ukraine
89%
377 86 United Kingdom
89%
Vietnam
89%
425.5 124.0 Albania
78%
234.0 373.0 Argentina
78%
414.2 100.9 Austria
78%
443.4 81.2 Belarus
78%
236.0 319.0 Bolivia
78%
Bosnia and Herzegovina
78%
435.0 336.1 Botswana
78%
437.8 117.9 Bulgaria
78%
192.0 228.0 Costa Rica
78%
Cyprus
78%
204.0 265.5 Ecuador
78%
378.2 234.5 Ghana
78%
462.3 158.9 Jordan
78%
533.0 100.0 Kazakhstan
78%
465.8 259.9 Kenya
78%
402.0 103.1 Liechtenstein
78%
434.3 76.3 Lithuania
78%
486.0 324.3 Madagascar
78%
412.9 141.1 Malta
78%
397.2 114.5 Monaco
78%
423.7 117.8 Montenegro
78%
Namibia
78%
398.0 230.8 Nigeria
78%
509.33 187.2 Oman
78%
495.7 176.2 Qatar
78%
408.5 113.9 San Marino
78%
347 212 Senegal
78%
652.9 182.1 Taiwan
78%
401 148 Tunisia
78%
453.1 256.6 Uganda
78%
502.0 182.5 United Arab Emirates
78%
615.0 140.9 China
67%
395.5 260.6 São Tomé and Príncipe
67%
451.3 350.1 Eswatini
67%
478.8 149.9 Iraq
67%
461.7 146.8 Lebanon
67%
198 232.5 Panama
67%
447.8 267.7 Rwanda
67%
413.0 106.5 Slovenia
67%
459.1 282.5 Tanzania
67%
759 318.6 Vanuatu
67%
Afghanistan
56%
377 202.2 Mali
56%
614.2 256.7 Singapore
56%
No matching quizzes found
Score Distribution
Percent of People with Each Score
Percentile by Number Answered
Your Score History
You have not taken this quiz since the last reset